00580nam a22001697a 450000500170000001000150001702000270003203500130005903700130007208200150008510000190010024501320011926000310025127000840028230000240036650000200039020160128092030.0 aENG-114493 a9789350356104c1095.00 aEN-98025 bDBAD/PUB a954.040922 aAggarwal, S.N. aA tale of two prime ministers : cby S.N. Aggarwal ; foreworded by R.M. Lodha bwho won the legal battle but lost the regime /  aGurgaon bLexisNexisc2015 a14th Floor, Building No.10, Tower-B, DLF Cyber City, Phase-IIbGurgaon e122002 alxv,753p.c25cm(Hb) aIncludes index